Zabezpečovacia zmenka

Pojmové vymedzenie zabezpečovacej zmenky. Proces uspokojenia zo zmenky. Splatnosť dlhu splátkou a jeho zabezpečenie zmenkou. Pozitíva a negatíva vystavenia niekoľkých zmeniek. Riziká vystavenia zmenky s postupnou zročnosťou. Rozdiel medzi zmenkami platobnými a zmenkami zabezpečovacími. Zvýšenie boni...

Descrizione completa

Salvato in:
Dettagli Bibliografici
Autore principale: Kadela, Alexander
Natura: Capitolo di libro
Lingua:slovacco
Soggetti:
Tags: Aggiungi Tag
Nessun Tag, puoi essere il primo ad aggiungerne!!

MARC

LEADER 00000naa a2200000 4500
001 r040953
005 20230919115447.1
041 0 |a slo 
044 |a SK 
245 1 0 |a Zabezpečovacia zmenka  |c Alexander Kadela 
520 |a Pojmové vymedzenie zabezpečovacej zmenky. Proces uspokojenia zo zmenky. Splatnosť dlhu splátkou a jeho zabezpečenie zmenkou. Pozitíva a negatíva vystavenia niekoľkých zmeniek. Riziká vystavenia zmenky s postupnou zročnosťou. Rozdiel medzi zmenkami platobnými a zmenkami zabezpečovacími. Zvýšenie bonity zabezpečovacej zmenky. 
610 2 0 |a zmenky 
610 2 0 |a právo zmenkové a šekové 
610 2 0 |a veritelia 
610 2 0 |a prevod práva zaisťovací 
610 2 0 |a emitenti 
100 1 |a Kadela, Alexander